000 00926nas a2200289 4500
001 BR2012006958
003 BR-BrBNA
005 20231205121152.0
007 ta
008 230509b bl.|||p| |||| 00| 00por d
040 _aBR-BrBNA
_bpor
_cBiblioteca Nacional de Agricultura
041 _a(Pt)
072 _aF30
100 1 _aBrondani, G.E.
100 1 _aGrossi, F.
100 1 _aWendling, I.
100 1 _aDutra, L.F.
100 1 _aAraújo, M.A.
245 1 _aAplicação de IBA para o enraizamento de miniestacas de Eucalyptus benthamii Maiden e Cambage, Eucalyptus dunnii Maiden
650 _aEUCALIPTO
650 _aPROPAGAÇÃO VEGETATIVA
650 _aÁCIDO ENDOLIBUTÍRICO
650 _aENRAIZAMENTO DE ESTACA
773 0 _tActa Scientiarum. Agronomy (Brazil)
_xISSN 1679-9275
_g(Oct- Dec 2010), v. 32(4) p. 667-674
_wBR2012006958
909 _a202311
_bLúcia
_c55
_dLúcia Elande
942 _2AGRIS
_n0
_cANA
999 _c222150
_d222150